|
|
|
|
| LEADER |
00000nab a2200000 a 4500 |
| 001 |
vtls009304209 |
| 003 |
SK-MaSNL |
| 005 |
20260304160213.0 |
| 008 |
250507c2008 xo |||||||||||000 b|slo |
| 015 |
|
|
|a SNBRB2008/06
|2 snkbucl
|
| 035 |
|
|
|a (uuid)abc4d79b-9587-48b1-a619-87cdd3b81a1b
|
| 035 |
|
|
|a urn:nbn:sk:snk-abetjo
|
| 035 |
|
|
|a (urnnbn)urn:nbn:sk:snk:ar-0075uh
|
| 038 |
|
|
|a SNKBUCL
|
| 040 |
|
|
|a SNKBUCL
|b slo
|c SNKBUCL
|e AACR2
|
| 041 |
0 |
|
|a slo
|
| 044 |
|
|
|a xo
|c SK
|
| 080 |
|
|
|a 636.7.09
|2 1997
|
| 100 |
1 |
|
|a Tuchyňová, Andrea
|4 aut
|9 1131541
|
| 245 |
1 |
0 |
|a Bývajú s nami, ale platíme my
|c Andrea Tuchyňová
|
| 300 |
|
|
|b Fotogr., obr.
|
| 650 |
0 |
7 |
|a psy
|2 snkbucl
|9 1288
|
| 650 |
0 |
7 |
|a parazitické organizmy
|2 snkbucl
|9 75711
|
| 650 |
0 |
7 |
|a endoparazity
|2 snkbucl
|9 932168
|
| 650 |
0 |
7 |
|a prevencia ochorení
|2 snkbucl
|9 69501
|
| 773 |
0 |
|
|t Poľovníctvo a rybárstvo
|g Roč. 60, č. 6 (2008), s. 38-39
|x 0231-8768
|
| 850 |
|
|
|a Slovenská národná knižnica
|
| 852 |
|
|
|a Slovenská národná knižnica
|
| 958 |
|
|
|a article27
|
| 958 |
|
|
|a OND
|
| 999 |
|
|
|c 2965949
|d 2967879
|